Complete the Card - WWE Royal Rumble 2014 - Statistics

General Stats
  • This quiz has been taken 562 times
  • The average score is 8 of 11
Answer Stats
Answer % Correct
John Cena
97%
Batista
96%
Randy Orton
96%
Daniel Bryan
84%
Bray Wyatt
74%
The Big Show
72%
Brock Lesnar
69%
Cody Rhodes
65%
Goldust
65%
Billy Gunn
60%
Road Dogg
60%
No matching quizzes found
Score Distribution
Percent of People with Each Score
Percentile by Number Answered
Your Score History
You have not taken this quiz